| 000 | 00539nam a2200169Ia 4500 | ||
|---|---|---|---|
| 008 | 180910s9999 xx 000 0 und d | ||
| 100 | _aPhilippine Nurses association, INC. | ||
| 245 | _aPhilippine Journal of Nursing / | ||
| 245 | _cPhilippine Nurses association, INC. | ||
| 260 | _bPhilippine Nurses association, INC. | ||
| 260 | _c2016 | ||
| 300 | _apages 1-84, January-June 2016 | ||
| 440 |
_aPhilippine Journal of Nursing _v86:1 |
||
| 650 | _aNursing -- Philippines. | ||
| 650 | _aNursing -- research. | ||
| 650 | _aPeriodicals. | ||
| 999 |
_c358733 _d358733 |
||